000 00949nas a2200289 4500
001 BR0801683
003 BR-BrBNA
005 20231205111727.0
007 ta
008 230509b bl.|||p| |||| 00| 00por d
040 _aBR-BrBNA
_bpor
_cBiblioteca Nacional de Agricultura
041 _a(Pt)
072 _aL73; L74
100 1 _aMoya, C.F.
100 1 _aLopes, M.D.
100 1 _aPrestes, N.C.
100 1 _aAraújo, G.H.M.
100 1 _aRodrigues, M.M.P.
245 1 _aTumor venéreo transmissível canino:revisão de literatura e descrição de caso clínico
_bRelato de caso
650 _aCÃO
650 _aTUMOR MALIGNO
650 _aDISTÚRBIO FISIOLÓGICO
650 _aSULFATO
773 0 _tMEDVEP. Revista Científica de Medicina Veterinária. Pequenos Animais e Animais de Estimação (Brazil)
_xISSN 1678-1430
_g(2005), v. 3(10) p. 138-144
_wBR0801683
909 _a202311
_bLúcia
_c55
_dLúcia Elande
942 _2AGRIS
_n0
_cANA
999 _c194175
_d194175